| 000 | 00427nam a2200181Ia 4500 | ||
|---|---|---|---|
| 001 | 28898 | ||
| 003 | IN-NITTTR | ||
| 005 | 20251114233356.0 | ||
| 008 | 251113s9999||||xx |||||||||||||| ||eng|| | ||
| 040 | _beng | ||
| 040 | _cIN-NITTTR | ||
| 041 | _aeng | ||
| 082 | _a006.7 L1F | ||
| 100 | _aLi, Ze-Nian | ||
| 245 | 0 |
_aFundamentals of multimedia / _cLi, Ze-Nian, Drew, Mark S. |
|
| 700 | _a Drew, Mark S. | ||
| 942 |
_2ddc _cBK |
||
| 999 |
_c31526 _d31526 |
||